El elemento germánico en el derecho español

Saved in:
Bibliografiske detaljer
Hovedforfatter: Hinojosa y Naveros, Eduardo de (Author)
Format: Bog
Sprog:spansk
Udgivet: Madrid Marcial Pons 1993
Fag:
Tags: Tilføj Tag
Ingen Tags, Vær først til at tagge denne postø!

MARC

LEADER 00000nam a2200000 a 4500
001 UCX8825
003 CL-VaPUC
008 940502e19930000SP |||||||||||||||||spa|d
082 0 4 |a 349.46  |b HIN  |2 21 
100 |a Hinojosa y Naveros, Eduardo de  |e author  |9 392763 
245 1 3 |a El elemento germánico en el derecho español 
300 |a 106 p 
942 |c BK 
945 |d 19940502 00:00:00  |a aalvarez 
260 |a Madrid  |b Marcial Pons  |c 1993 
650 7 |a DERECHO HISTORIA  |2 CL-VaPUC  |9 255119 
651 0 |a España  |9 254926 
583 |a last modification  |c 19940502 00:00:00  |k Rodrigo Vera 
999 |c 228220  |d 228218 
952 |0 0  |1 0  |4 0  |6 349_460000000000000_HIN_1993  |7 0  |8 DER_HIS  |9 228031  |a BIBDER  |b BIBDER  |d 2019-11-15  |i 2973790  |l 2  |o 349.46 HIN 1993  |p 2973790  |r 2023-01-25  |s 2021-08-19  |w 2019-11-15  |x Ubicación 4to Piso  |y BK  |z Estos recursos deben solicitarse con anticipación  |k DER